| 000 | 01130nac a22003011i 4500 | ||
|---|---|---|---|
| 003 | EG-ScBUE | ||
| 005 | 20250219102524.0 | ||
| 008 | 250212t1957 nyua f b 001 0 eng d | ||
| 020 | _a0471162043 | ||
| 040 |
_aEG-ScBUE _beng _erda _cEG-ScBUE _dEG-ScBUE |
||
| 082 | 0 | 4 |
_a519.5 _bCOC _222 |
| 100 | 1 |
_aCochran, William Gemme, _eauthor. |
|
| 245 | 1 | 0 |
_aExperimental designs / _cWilliam G. Cochran, Professor of Biostatistics, The Johns Hopkins University, and Gertrude M. Cox, Director, Institute of Statistics, University of North Carolina. |
| 250 | _aSecond edition. | ||
| 264 | 1 |
_aNew York : _bJohn Wiley & Sons, Inc., _c[1957] |
|
| 264 | 4 | _cc1957 | |
| 300 |
_axiv, 611 pages : _billustrations, tables ; _c24 cm. |
||
| 336 |
_2rdacontent _atext _btxt |
||
| 337 |
_aunmediated _2rdamedia _bn |
||
| 338 |
_avolume _bnc _2rdacarrier |
||
| 490 | 0 | _aWiley mathematical statistics series | |
| 504 | _aIncludes bibliographical references and index. | ||
| 650 | 7 |
_aMathematical statistics. _2BUEsh |
|
| 650 | 7 |
_aScience _xExperiments. _2BUEsh |
|
| 655 | _vReading book | ||
| 700 | 1 |
_aCox, Gertrude M., _eauthor. |
|
| 942 |
_cBB _2ddc |
||
| 999 |
_c4383 _d4383 |
||